Columbo: Záhada travnatého svahu /

Hlavní autor: Harrington, William, 1931-2000
Další autoři: Lanc, Otakar
Jazyk: Čeština
Vydáno: Praha : Šulc a spol., 1995
Vydání: Vyd. 1.
Fyzický popis: 263 s. ; 19 cm
Knihy
Uloženo v:
LEADER 01042nam a2200289 a 4500
001 000021163
003 CZ BrMZK
005 20031017153407.0
008 010907s1995 xr f cze d
015 |a cnb000104612 
020 |a 80-85636-32-8 
035 |a (OCoLC)36613228 
040 |a BOA001  |b cze 
041 1 |a cze  |h eng 
080 |a 820(73)-312.4=850  |2 MRF 
100 1 |a Harrington, William,  |d 1931-2000  |7 jn20001103348  |4 aut 
245 1 0 |a Columbo: Záhada travnatého svahu /  |c William Harington ; z anglického originálu přeložil Otakar Lanc 
250 |a Vyd. 1. 
260 |a Praha :  |b Šulc a spol.,  |c 1995 
300 |a 263 s. ;  |c 19 cm 
655 4 |a americké detektivní romány 
700 1 |a Lanc, Otakar  |7 jk01071453  |4 trl 
765 0 |t Columbo: The Grassy knoll 
910 |a BOA001  |b D-1009.010 
990 |a BK 
996 6 |b 2610021257  |c D-1009.010  |l MZK  |r Sklad / do 24 hodin  |n 0  |p p.v.  |w 000021163  |u 000010  |a 1  |e BOA001  |j MZK50  |s P 
996 6 |b 2610021986  |c D-1009.010  |l MZK  |r Sklad / do 24 hodin  |n 0  |p p.v.  |w 000021163  |u 000020  |a 1  |e BOA001  |j MZK50  |s P